Quiz Génies en Herbe - 1 - Géographie - Statistiques

Statistiques générales
  • Ce quiz a été pris 161 fois
  • Le résultat moyen est 9 sur 15
Statistiques - réponses
Question Réponse % Correct
À qui le Groenland appartient-il? Danemark
90%
Dans quel pays te situe-tu si tu trouves des Baobabs ou encore des lémuriens? Madagascar
87%
Quel est la devise du Japon Yen
86%
Quel langue parle t-on en Autriche? Allemand
83%
Dans quel ville peut-on traverser le Bosphore, un détroit qui sépare l'Europe et l'Asie Istanbul
80%
L'île d'Hispaniola est divisé entre 2 pays, l'un est Haïti, quel est l'autre? République Dominicaine
80%
Quel est la capitale de l'Hongrie Budapest
79%
Quel est le pays le plus peuplé d'Afrique? Nigeria
68%
Quel est le plus jeune pays du monde ayant eu son indépendance en 2011? Soudan du Sud
64%
Lequel des grands lacs la ville de Toronto borde t-elle? Ontario
57%
Quel est le plus long fleuve du monde? Nil
47%
Comment appelle-t-on les habitants de Sherbrooke Sherbrookois
43%
Quel est la route la plus longue du Québec 132
33%
Quel est le plus grand fleuve d'Europe? Volga
31%
Quel est le plus grand lac NATUREL du Québec? Mistassini
17%
Aucun quiz correspondant
Distribution des résultats
% des personnes avec chaque résultat
Percentile par nombre de réponses
Votre historique - résultats
Vous n’avez pas pris ce quiz